| 000 | 00517nam a22001697a 4500 | ||
|---|---|---|---|
| 999 |
_c8945 _d8945 |
||
| 008 | 210306b ||||| |||| 00| 0 eng d | ||
| 040 | _aBMS College of Architecture | ||
| 100 | _aGarg, Palak | ||
| 245 | _aArt and design institute whitefield Bangalore | ||
| 300 | _aNA | ||
| 500 | _a1BM08AT031 | ||
| 502 |
_8B.Arch _NBMS College of Architecture, Visvesvaraya Technological University (VTU) _aProject report _d2013 |
||
| 650 | _aArt | ||
| 650 | _aInstitute | ||
| 700 |
_aVaseem A S _eSatish S Rao |
||
| 942 |
_2ddc _cTHE |
||